000 00240nam a2200097Ia 4500
001 1152249
005 20250827011103.0
008 250824s9999 xx 000 0 und d
245 0 _aİNTİKAM
_cKAHRAMAN TAZEOĞLU
260 _bDESTEK YAYINLARI
999 _c1152249
_d1152249